[Event "Avoine op 34th"]
[Site "Avoine"]
[Date "2019.07.20"]
[Round "2"]
[White "Smith, Matthieu"]
[Black "Vekemans, Denis"]
[Result "1/2-1/2"]
[WhiteElo "2208"]
[BlackElo "1945"]
[PlyCount "160"]
[EventDate "2019.07.20"]
[EventType "swiss"]
[EventRounds "9"]
[EventCountry "FRA"]
[SourceTitle "EXT 2020"]
[Source "ChessBase"]
[SourceDate "2019.10.17"]
[SourceVersion "1"]
[SourceVersionDate "2019.10.17"]
[SourceQuality "1"]

1. d4 Nf6 2. Nf3 c5 3. e3 g6 4. Be2 Bg7 5. 0-0 b6 6. b3 Nc6 7. Bb2 0-0 8. dxc5 bxc5 9. c4 d6 10. Nc3 Ne4 11. Qc1 Nxc3 12. Bxc3 Bb7 13. Bxg7 Kxg7 14. Qc3+ Kg8 15. Rfd1 Qc8 16. Qd2 Qf5 17. Qd5 Qxd5 18. cxd5 Nb4 19. Bc4 a5 20. a3 Na6 21. Rab1 Rfb8 22. Ng5 Bc8 23. Rbc1 Nc7 24. a4 Rb4 25. Ne4 Rab8 26. Rc3 Kf8 27. Nd2 Kg7 28. Re1 Bd7 29. Kf1 Na8 30. Ke2 Nb6 31. Rec1 Be8 32. e4 f6 33. f3 Bd7 34. Ke3 h6 35. Ke2 Kf7 36. Kd1 Kg7 37. Kc2 Be8 38. Re1 Bd7 39. f4 Rf8 40. Rd3 Bxa4 41. Rc3 Bd7 42. e5 fxe5 43. fxe5 Bf5+ 44. Kc1 a4 45. exd6 exd6 46. Re7+ Rf7 47. Rxf7+ Kxf7 48. bxa4 Nxa4 49. Rf3 h5 50. Ra3 Kf6 51. Be2 Nb2 52. Re3 Rd4 53. Nb3 Nd3+ 54. Kd2 Rxd5 55. Bf3 Re5 56. Rxd3 Bxd3 57. Kxd3 Kg5 58. Na5 Kf4 59. Nc4 Re6 60. Bc6 h4 61. Bd5 Re1 62. Kd2 Re8 63. Bc6 Rd8 64. Bd5 g5 65. Ke2 Rb8 66. Kf2 Rb3 67. Bg8 Rd3 68. Ke2 Rd4 69. Nb6 Ke5 70. Nc4+ Kf6 71. Nb6 Kg7 72. Bc4 g4 73. Ke3 Kf6 74. h3 Kf5 75. Bd3+ Rxd3+ 76. Kxd3 gxh3 77. gxh3 Kf4 78. Nd5+ Kg3 79. Ke3 Kxh3 80. Kf3 Kh2 1/2-1/2

[Event "Avoine op 34th"]
[Site "Avoine"]
[Date "2019.07.20"]
[Round "3"]
[White "Vekemans, Denis"]
[Black "Besson, Bastien"]
[Result "0-1"]
[WhiteElo "1945"]
[BlackElo "2204"]
[PlyCount "98"]
[EventDate "2019.07.20"]
[EventType "swiss"]
[EventRounds "9"]
[EventCountry "FRA"]
[SourceTitle "EXT 2020"]
[Source "ChessBase"]
[SourceDate "2019.10.17"]
[SourceVersion "1"]
[SourceVersionDate "2019.10.17"]
[SourceQuality "1"]

1. e4 d6 2. d4 Nf6 3. Bd3 e5 4. c3 Be7 5. h3 c5 6. Nf3 Nc6 7. d5 Nb8 8. 0-0 Nbd7 9. Nh2 c4 10. Bc2 Nc5 11. Qe2 b5 12. b3 cxb3 13. axb3 a6 14. c4 b4 15. Bd2 Rb8 16. f4 Nfd7 17. fxe5 Nxe5 18. Be3 Bf6 19. Ra2 a5 20. Nd2 0-0 21. Bxc5 dxc5 22. Ndf3 Re8 23. Nxe5 Bxe5 24. Nf3 Bc3 25. Qe3 Qc7 26. Qg5 Bf6 27. Qh5 g6 28. Qh6 Bg7 29. Qg5 h6 30. Qh4 Bd7 31. e5 a4 32. e6 fxe6 33. Qe4 axb3 34. Ra7 Qxa7 35. Bd3 Rf8 36. Qxg6 Rf6 37. Qh7+ Kf8 38. Nh4 Rxf1+ 39. Bxf1 Be8 40. Qe4 exd5 41. cxd5 c4+ 42. Kh1 Qa1 43. Qf4+ Qf6 44. Ng6+ Kg8 45. Ne7+ Qxe7 46. Qxb8 Qe1 47. Qf4 b2 48. Qxc4 b1Q 49. d6+ Kh8 0-1

[Event "Avoine op 33rd"]
[Site "Avoine"]
[Date "2018.07.26"]
[Round "6"]
[White "Daeschler, Florian"]
[Black "Vekemans, Denis"]
[Result "1-0"]
[WhiteElo "2228"]
[BlackElo "1961"]
[PlyCount "67"]
[EventDate "2018.07.21"]
[EventType "swiss"]
[EventRounds "9"]
[EventCountry "FRA"]
[SourceTitle "CBM 185 Extra"]
[Source "ChessBase"]
[SourceDate "2018.07.29"]
[SourceVersion "1"]
[SourceVersionDate "2018.07.29"]
[SourceQuality "1"]

1. d4 g6 2. c4 Bg7 3. g3 d6 4. Bg2 c6 5. Nc3 f5 6. Nf3 Nf6 7. 0-0 0-0 8. Qc2 a5 9. b3 Na6 10. Bb2 Nh5 11. Rad1 Qe8 12. Na4 f4 13. Nb6 Bf5 14. Qd2 Rd8 15. Qxa5 c5 16. Qd2 cxd4 17. Nxd4 fxg3 18. hxg3 Nc5 19. Nxf5 Bxb2 20. Nh6+ Kg7 21. Nd5 e5 22. Ng4 Qe6 23. Nh2 Ba3 24. b4 Nd7 25. Qc3 Ra8 26. Nc7 Qf6 27. Nxa8 Rxa8 28. c5 Nxc5 29. bxc5 Bxc5 30. Rb1 Ra3 31. Rxb7+ Kf8 32. Rb3 Rxa2 33. Qc4 Qg5 34. Rb8+ 1-0

[Event "Lille Luce op 6th"]
[Site "Lille"]
[Date "2015.05.08"]
[Round "7"]
[White "Vekemans, Denis"]
[Black "Dhuyvetter, Frederik"]
[Result "1/2-1/2"]
[WhiteElo "1951"]
[BlackElo "1809"]
[PlyCount "111"]
[EventDate "2015.05.04"]
[EventType "swiss"]
[EventRounds "9"]
[EventCountry "FRA"]
[SourceTitle "EXT 2017"]
[Source "ChessBase"]
[SourceDate "2016.10.25"]
[SourceVersion "1"]
[SourceVersionDate "2016.10.25"]
[SourceQuality "1"]

1. e4 c5 2. b4 cxb4 3. a3 d5 4. e5 Nc6 5. d4 e6 6. Nf3 Bd7 7. axb4 Bxb4+ 8. c3 Ba5 9. Bd3 Nge7 10. 0-0 0-0 11. Bxh7+ Kxh7 12. Ng5+ Kg6 13. Qg4 f5 14. Qg3 f4 15. Qg4 Kh6 16. Bxf4 Rxf4 17. Qxf4 Ng6 18. Nf7+ Kh7 19. Nxd8 Nxf4 20. Nxc6 Bxc6 21. Rxa5 b6 22. Ra3 Bb5 23. Re1 a6 24. g3 Nd3 25. Re3 Nb2 26. Rb3 Nc4 27. Rf3 Ba4 28. Rb4 b5 29. Rf7 a5 30. Rxc4 dxc4 31. Rc7 Bd1 32. Rb7 a4 33. Na3 Ra5 34. Rxb5 Rxb5 35. Nxb5 g5 36. f4 gxf4 37. gxf4 Kg6 38. Kf2 Kf5 39. Ke3 Bc2 40. Na3 Bd3 41. Nb5 Bf1 42. Nd6+ Kg4 43. Nb5 Bg2 44. Kd2 Kxf4 45. Kc2 Ke3 46. Kb2 Bc6 47. Nc7 Kd2 48. Nxe6 a3+ 49. Kxa3 Kxc3 50. h4 Kd2 51. Nc5 Bd5 52. Na4 Kd3 53. e6 Kxd4 54. e7 Bf7 55. Kb4 Kd5 56. Nb6+ 1/2-1/2

[Event "Lille Luce op 6th"]
[Site "Lille"]
[Date "2015.05.04"]
[Round "1"]
[White "Vekemans, Denis"]
[Black "Van der Lende, Ilias"]
[Result "0-1"]
[WhiteElo "1951"]
[BlackElo "2333"]
[PlyCount "52"]
[EventDate "2015.05.04"]
[EventType "swiss"]
[EventRounds "9"]
[EventCountry "FRA"]
[SourceTitle "EXT 2017"]
[Source "ChessBase"]
[SourceDate "2016.10.25"]
[SourceVersion "1"]
[SourceVersionDate "2016.10.25"]
[SourceQuality "1"]

1. e4 e6 2. Nf3 d5 3. e5 Nh6 4. a3 f6 5. d4 Nf7 6. b4 a5 7. b5 Nd7 8. Bb2 Be7 9. c4 c6 10. cxd5 cxd5 11. Bd3 Nb6 12. Nbd2 Bd7 13. 0-0 a4 14. Rc1 f5 15. Qe2 g6 16. h3 0-0 17. g4 fxg4 18. hxg4 Ng5 19. Kg2 Nxf3 20. Nxf3 Rf4 21. Kg3 Qf8 22. Qe3 Rf7 23. Rh1 Rc8 24. Qe2 Nc4 25. Rh3 Nxb2 26. Bxg6 Rxf3+ 0-1

[Event "FRA-ch op-B"]
[Site "Saint Quentin"]
[Date "2015.??.??"]
[Round "9"]
[White "Bessat, Remy"]
[Black "Vekemans, Denis"]
[Result "0-1"]
[WhiteElo "1957"]
[BlackElo "1957"]
[PlyCount "84"]
[EventDate "2015.08.09"]
[EventType "swiss"]
[EventRounds "11"]
[EventCountry "FRA"]
[SourceTitle "EXT 2016"]
[Source "ChessBase"]
[SourceDate "2015.10.08"]
[SourceVersion "1"]
[SourceVersionDate "2015.10.08"]
[SourceQuality "1"]

1. b4 e5 2. Bb2 Bxb4 3. Bxe5 Nf6 4. c3 Be7 5. e3 d5 6. d4 Nbd7 7. Nf3 0-0 8. Bd3 Nxe5 9. Nxe5 Nd7 10. Nf3 c5 11. Qc2 g6 12. c4 cxd4 13. exd4 dxc4 14. Bxc4 Nb6 15. Be2 Bf5 16. Qd2 Rc8 17. 0-0 Rc2 18. Qd1 Qd5 19. g4 Be4 20. Nbd2 Bd6 21. Nxe4 Qxe4 22. Bd3 Qxg4+ 23. Kh1 Rc3 24. Re1 Nd5 25. Be4 Qf4 26. Kg1 Nf6 27. Bd3 Rfc8 28. Rb1 h5 29. h3 b5 30. Re3 b4 31. Qe2 Kg7 32. Rd1 Rc1 33. Kg2 Rxd1 34. Qxd1 g5 35. Ba6 Rd8 36. Qb3 g4 37. Ne5 gxh3+ 38. Rxh3 Bxe5 39. dxe5 Ng4 40. Rxh5 Qxf2+ 41. Kh3 Qh2+ 42. Kxg4 Rd4+ 0-1

[Event "FRA-ch op-B"]
[Site "Saint Quentin"]
[Date "2015.??.??"]
[Round "5"]
[White "Vekemans, Denis"]
[Black "Kozlowski, Thierry"]
[Result "1-0"]
[WhiteElo "1957"]
[BlackElo "1960"]
[PlyCount "55"]
[EventDate "2015.08.09"]
[EventType "swiss"]
[EventRounds "11"]
[EventCountry "FRA"]
[SourceTitle "EXT 2016"]
[Source "ChessBase"]
[SourceDate "2015.10.08"]
[SourceVersion "1"]
[SourceVersionDate "2015.10.08"]
[SourceQuality "1"]

1. e4 c6 2. d4 g6 3. h4 d5 4. e5 h5 5. Bd3 Nh6 6. c3 Na6 7. Nh3 Nc7 8. Bg5 Ne6 9. Qe2 c5 10. Nf4 Nxf4 11. Bxf4 Qb6 12. dxc5 Qxc5 13. Nd2 Nf5 14. Nf1 a6 15. Ne3 d4 16. Nxf5 gxf5 17. e6 Bg7 18. exf7+ Kxf7 19. Bc4+ e6 20. cxd4 Bxd4 21. 0-0 Bd7 22. Rad1 b5 23. Bb3 Rae8 24. Be3 Rhg8 25. Qxh5+ Rg6 26. Bxd4 Qxd4 27. Rxd4 Bc6 28. Qxf5+ 1-0

[Event "Avoine op 29th"]
[Site "Avoine"]
[Date "2014.07.25"]
[Round "7"]
[White "Vekemans, Denis"]
[Black "Le Corre, Benjamin"]
[Result "0-1"]
[WhiteElo "1963"]
[BlackElo "2272"]
[PlyCount "122"]
[EventDate "2014.07.19"]
[EventType "swiss"]
[EventRounds "9"]
[EventCountry "FRA"]
[SourceTitle "CBM 161 Extra"]
[Source "ChessBase"]
[SourceDate "2014.08.29"]
[SourceVersion "1"]
[SourceVersionDate "2014.08.29"]
[SourceQuality "1"]

1. e4 c5 2. Ne2 Nc6 3. g3 g6 4. Bg2 Bg7 5. 0-0 d6 6. d3 e5 7. c3 Nge7 8. f4 0-0 9. Nd2 d5 10. Nf3 d4 11. h3 f6 12. g4 exf4 13. Bxf4 Be6 14. cxd4 Nxd4 15. Nexd4 cxd4 16. Qa4 Nc6 17. Qb5 Qd7 18. a3 Rf7 19. Rac1 Rc8 20. Kh1 h6 21. Bh2 Rcf8 22. Qc5 Kh7 23. b4 a6 24. Qb6 f5 25. exf5 gxf5 26. g5 Bd5 27. g6+ Kxg6 28. Rc5 Be6 29. Re1 f4 30. Nh4+ Kh7 31. Be4+ Kg8 32. Ng6 f3 33. Nxf8 f2 34. Rf1 Bxf8 35. Rxc6 bxc6 36. Qxc6 Qxc6 37. Bxc6 Bxh3 38. Bg2 Rf3 39. Bxf3 Bxf1 40. Bd5+ Kh8 41. Bg3 Bxd3 42. Bxf2 Bg7 43. Be1 Bf6 44. Kg2 Bc2 45. Bc4 d3 46. Bxa6 Bg5 47. Bb7 d2 48. Bxd2 Bxd2 49. Kh1 Bc1 50. Ba8 Ba4 51. Bb7 Bxa3 52. Ba8 Bxb4 53. Bb7 Kg7 54. Ba8 Kf6 55. Bb7 Kg5 56. Ba8 h5 57. Bb7 Kg4 58. Ba8 Kg3 59. Bb7 h4 60. Ba8 Bb5 61. Bb7 h3 0-1

[Event "Avoine op 29th"]
[Site "Avoine"]
[Date "2014.07.20"]
[Round "2"]
[White "Deslias, Gregoire"]
[Black "Vekemans, Denis"]
[Result "1/2-1/2"]
[WhiteElo "2110"]
[BlackElo "1963"]
[PlyCount "76"]
[EventDate "2014.07.19"]
[EventType "swiss"]
[EventRounds "9"]
[EventCountry "FRA"]
[SourceTitle "CBM 161 Extra"]
[Source "ChessBase"]
[SourceDate "2014.08.29"]
[SourceVersion "1"]
[SourceVersionDate "2014.08.29"]
[SourceQuality "1"]

1. d4 Nf6 2. c4 e5 3. dxe5 Ng4 4. e3 Nxe5 5. Nh3 g5 6. Qh5 h6 7. f4 Ng6 8. Bd3 Rg8 9. 0-0 d5 10. fxg5 Bxh3 11. Qxh3 hxg5 12. Nc3 c6 13. cxd5 cxd5 14. Qf3 Ne5 15. Qf5 Nbc6 16. Bb5 Qd6 17. e4 d4 18. Nd5 Be7 19. Bd2 Kf8 20. Rac1 Rg7 21. a3 Kg8 22. Bxc6 Nxc6 23. Rxc6 bxc6 24. Bb4 cxd5 25. Bxd6 Bxd6 26. Qxd5 Rd8 27. e5 Bc7 28. Qe4 Bb6 29. g3 Rg6 30. Qf5 Rf8 31. Kg2 Kg7 32. b4 Kg8 33. a4 Kg7 34. a5 Bc7 35. Rc1 Bb8 36. Rf1 Bc7 37. Rd1 Rd8 38. Rf1 Rf8 1/2-1/2

[Event "Avoine op 29th"]
[Site "Avoine"]
[Date "2014.07.19"]
[Round "1"]
[White "Vekemans, Denis"]
[Black "Sgircea, Silvia Raluca"]
[Result "1/2-1/2"]
[WhiteElo "1963"]
[BlackElo "2207"]
[PlyCount "115"]
[EventDate "2014.07.19"]
[EventType "swiss"]
[EventRounds "9"]
[EventCountry "FRA"]
[SourceTitle "CBM 161 Extra"]
[Source "ChessBase"]
[SourceDate "2014.08.29"]
[SourceVersion "1"]
[SourceVersionDate "2014.08.29"]
[SourceQuality "1"]

1. e4 c5 2. b4 cxb4 3. a3 bxa3 4. Nxa3 Nc6 5. Nf3 d6 6. d4 Nf6 7. e5 dxe5 8. dxe5 Qxd1+ 9. Kxd1 Ng4 10. Nb5 Nxf2+ 11. Ke1 Nxh1 12. Nc7+ Kd8 13. Nxa8 e6 14. Bg5+ Be7 15. Bxe7+ Kxe7 16. Bb5 Nb4 17. Rxa7 Nd5 18. Bc6 Rd8 19. Bxd5 exd5 20. Nb6 f6 21. Kf1 fxe5 22. Nxe5 Rf8+ 23. Kg1 Be6 24. Nf3 g5 25. Nxg5 Nf2 26. Nxh7 Rf5 27. Rxb7+ Kd6 28. Na4 Ng4 29. Rb8 Ke7 30. h3 Ne3 31. g4 Re5 32. Rb7+ Kd6 33. Nf6 Nxc2 34. Ne8+ Kc6 35. Rb6+ Kd7 36. Nc5+ Kxe8 37. Rxe6+ Rxe6 38. Nxe6 Kf7 39. Nf4 d4 40. Kf2 Kf6 41. Kf3 Ke5 42. Nd3+ Kd5 43. g5 Ne3 44. h4 Nf5 45. h5 Ke6 46. Kf4 Nd6 47. g6 Kf6 48. Nc5 Ne8 49. Ne4+ Kg7 50. Kg5 d3 51. h6+ Kg8 52. Kf5 Kf8 53. Ke6 Nc7+ 54. Kd7 Nd5 55. g7+ Kf7 56. Ng5+ Kg8 57. Nf3 Nf6+ 58. Ke6 1/2-1/2

[Event "Lille Luce op 5th"]
[Site "Lille"]
[Date "2014.04.30"]
[Round "4"]
[White "Vekemans, Denis"]
[Black "Shirazi, Kamran"]
[Result "0-1"]
[WhiteElo "1954"]
[BlackElo "2366"]
[PlyCount "74"]
[EventDate "2014.04.28"]
[EventType "swiss"]
[EventRounds "9"]
[EventCountry "FRA"]
[SourceTitle "CBM 160 Extra"]
[Source "ChessBase"]
[SourceDate "2014.07.01"]
[SourceVersion "1"]
[SourceVersionDate "2014.07.01"]
[SourceQuality "1"]

1. e4 c5 2. Ne2 e6 3. g3 d5 4. Bg2 dxe4 5. Bxe4 h5 6. d4 h4 7. Nbc3 Nf6 8. Bg5 hxg3 9. fxg3 cxd4 10. Qxd4 Qxd4 11. Nxd4 Nxe4 12. Nxe4 Bd7 13. 0-0-0 f6 14. Nxf6+ gxf6 15. Bxf6 Bh6+ 16. Kb1 0-0 17. Be5 Nc6 18. Bd6 Rf2 19. Nb3 e5 20. Bc5 Rf7 21. Rd6 Kh7 22. Re1 Bf5 23. a3 a5 24. Be3 Bf8 25. Rd5 Rc8 26. Nxa5 Nxa5 27. Rxa5 Rxc2 28. Ka1 Rxh2 29. Rxe5 Bg7 30. Rb5 Bd3 31. Rb4 b5 32. Bd4 Bh6 33. Bc3 Bc4 34. b3 Rf3 35. bxc4 Rxc3 36. Rxb5 Rxa3+ 37. Kb1 Bg7 0-1

[Event "Lille Luce op 5th"]
[Site "Lille"]
[Date "2014.04.29"]
[Round "2"]
[White "Vekemans, Denis"]
[Black "Cleaud, Cyril"]
[Result "1-0"]
[WhiteElo "1954"]
[BlackElo "1730"]
[PlyCount "65"]
[EventDate "2014.04.28"]
[EventType "swiss"]
[EventRounds "9"]
[EventCountry "FRA"]
[SourceTitle "CBM 160 Extra"]
[Source "ChessBase"]
[SourceDate "2014.07.01"]
[SourceVersion "1"]
[SourceVersionDate "2014.07.01"]
[SourceQuality "1"]

1. e4 c5 2. b4 cxb4 3. a3 d5 4. e5 Nc6 5. d4 Qb6 6. Be3 Bf5 7. g4 Bd7 8. Bg2 e6 9. Ne2 bxa3 10. 0-0 Qb2 11. Nd2 Qb6 12. c4 Nge7 13. Rxa3 Na5 14. c5 Qc7 15. Qa1 Nec6 16. f4 b6 17. Rc1 b5 18. f5 Nb7 19. Nf4 Nbd8 20. Bxd5 exf5 21. Bg2 Rc8 22. Nd5 Qb8 23. Bf4 Ne6 24. gxf5 Nxf4 25. Nxf4 Nxe5 26. dxe5 Bxc5+ 27. Rxc5 Rxc5 28. e6 fxe6 29. fxe6 0-0 30. exd7 Qxf4 31. Qa2+ Qf7 32. Qxf7+ Kxf7 33. Rf3+ 1-0

[Event "Cappelle op 29th"]
[Site "Cappelle la Grande"]
[Date "2013.02.24"]
[Round "2"]
[White "Vekemans, Denis"]
[Black "Amram, Roger"]
[Result "1-0"]
[WhiteElo "1966"]
[BlackElo "1731"]
[PlyCount "51"]
[EventDate "2013.02.23"]
[EventType "swiss"]
[EventRounds "9"]
[EventCountry "FRA"]
[SourceTitle "CBM 153 Extra"]
[Source "ChessBase"]
[SourceDate "2013.04.22"]
[SourceVersion "1"]
[SourceVersionDate "2013.04.22"]
[SourceQuality "1"]

1. e4 d5 2. exd5 Nf6 3. Bb5+ Bd7 4. Bc4 Bg4 5. f3 Bc8 6. Nc3 Nbd7 7. d4 Nb6 8. Bb3 Nbxd5 9. Nxd5 Nxd5 10. c4 Nf6 11. Be3 e6 12. Ne2 Bb4+ 13. Nc3 0-0 14. Qe2 b5 15. cxb5 Nd5 16. Bd2 Qh4+ 17. Qf2 Qh5 18. 0-0 Nxc3 19. bxc3 Bd6 20. g4 Qxb5 21. c4 Qd7 22. Rad1 c6 23. Bc2 Be7 24. Bf4 Bd6 25. Bg5 Be7 26. Qh4 1-0

[Event "Avoine op 25th"]
[Site "Avoine"]
[Date "2010.07.21"]
[Round "5"]
[White "Godart, Francois"]
[Black "Vekemans, Denis"]
[Result "1-0"]
[WhiteElo "2240"]
[BlackElo "2022"]
[PlyCount "31"]
[EventDate "2010.07.17"]
[EventType "swiss"]
[EventRounds "9"]
[EventCountry "FRA"]
[SourceTitle "EXT 2011"]
[Source "ChessBase"]
[SourceDate "2010.11.26"]
[SourceVersion "1"]
[SourceVersionDate "2010.11.26"]
[SourceQuality "1"]

1. d4 Nf6 2. c4 e5 3. dxe5 Ng4 4. Nf3 Bc5 5. e3 Nc6 6. Be2 0-0 7. 0-0 Ngxe5 8. Nxe5 Nxe5 9. Nc3 d6 10. f4 Ng6 11. f5 Ne5 12. Ne4 Bb6 13. f6 g6 14. Qe1 Bf5 15. Qh4 Bxe4 16. Qh6 1-0

[Event "Avoine op 25th"]
[Site "Avoine"]
[Date "2010.07.20"]
[Round "4"]
[White "Vekemans, Denis"]
[Black "Louis Sidois, Charles"]
[Result "1-0"]
[WhiteElo "2022"]
[BlackElo "1810"]
[PlyCount "71"]
[EventDate "2010.07.17"]
[EventType "swiss"]
[EventRounds "9"]
[EventCountry "FRA"]
[SourceTitle "EXT 2011"]
[Source "ChessBase"]
[SourceDate "2010.11.26"]
[SourceVersion "1"]
[SourceVersionDate "2010.11.26"]
[SourceQuality "1"]

1. e4 e6 2. Nf3 d5 3. e5 c5 4. b4 cxb4 5. a3 Nc6 6. axb4 Bxb4 7. c3 Be7 8. d4 f6 9. exf6 Nxf6 10. Bd3 0-0 11. 0-0 Qc7 12. Re1 Ng4 13. h3 Rxf3 14. Qxf3 Qh2+ 15. Kf1 e5 16. Qxd5+ Kh8 17. Qf3 exd4 18. Bf4 dxc3 19. hxg4 Qh1+ 20. Ke2 Nd4+ 21. Kd1 Qh4 22. Qg3 Qf6 23. Be5 Qb6 24. Bxd4 Qxd4 25. Rxe7 Bxg4+ 26. Kc2 Rd8 27. Re4 Bd1+ 28. Kc1 Qb6 29. Nxc3 Bh5 30. Bc4 Qh6+ 31. Qe3 Qf6 32. Rxa7 Bg6 33. Re6 Qh4 34. Rxg6 Qxc4 35. Re6 Qc8 36. Rxb7 1-0

[Event "Avoine op 24th"]
[Site "Avoine"]
[Date "2009.07.20"]
[Round "2"]
[White "Vekemans, Denis"]
[Black "Noe, Jean Jacques"]
[Result "1-0"]
[WhiteElo "2021"]
[BlackElo "1890"]
[PlyCount "67"]
[EventDate "2009.07.18"]
[EventType "swiss"]
[EventRounds "9"]
[EventCountry "FRA"]
[SourceTitle "CBM 131 Extra"]
[Source "ChessBase"]
[SourceDate "2009.09.03"]
[SourceVersion "2"]
[SourceVersionDate "2009.09.16"]
[SourceQuality "1"]

1. c4 c5 2. Nc3 Nf6 3. g3 g6 4. Bg2 Bg7 5. e4 d6 6. d3 0-0 7. Nge2 e5 8. 0-0 Nc6 9. f4 Ne8 10. f5 Nc7 11. g4 g5 12. Nd5 Nxd5 13. cxd5 Nd4 14. Ng3 b5 15. Nh5 f6 16. h4 h6 17. Be3 Ba6 18. Rc1 Rc8 19. Qd2 b4 20. hxg5 hxg5 21. Bxd4 exd4 22. Rf3 Kf7 23. Bf1 Qb6 24. Rh3 Rh8 25. b3 Qb8 26. Ng3 Rxh3 27. Bxh3 Rh8 28. Nh5 Bb5 29. e5 dxe5 30. Rxc5 Qe8 31. Qc2 Rxh5 32. gxh5 e4 33. Rc7+ Kf8 34. Qc5+ 1-0

[Event "Avoine op 23rd"]
[Site "Avoine"]
[Date "2008.07.25"]
[Round "7"]
[White "Vekemans, Denis"]
[Black "Lukasiewicz, Aleksander"]
[Result "0-1"]
[WhiteElo "2007"]
[BlackElo "1809"]
[PlyCount "58"]
[EventDate "2008.07.19"]
[EventType "swiss"]
[EventRounds "9"]
[EventCountry "FRA"]
[SourceTitle "CBM 125 Extra"]
[Source "ChessBase"]
[SourceDate "2008.09.01"]
[SourceVersion "1"]
[SourceVersionDate "2008.09.01"]
[SourceQuality "1"]

1. e4 e5 2. f4 Bc5 3. Nf3 d6 4. c3 Bg4 5. d4 Bxf3 6. gxf3 Qh4+ 7. Ke2 Bb6 8. Na3 f5 9. Nc4 fxe4 10. fxe5 exf3+ 11. Kd3 dxe5 12. Nxe5 Nf6 13. Qxf3 0-0 14. Qxb7 Na6 15. Qxa6 Qe4+ 16. Kd2 Qxh1 17. Kc2 Kh8 18. b4 Nd5 19. Bc4 Nxb4+ 20. cxb4 Bxd4 21. Bb2 Qxh2+ 22. Kd3 Bxe5 23. Bxe5 Qxe5 24. Rh1 Rad8+ 25. Kc2 Rf2+ 26. Kb3 Rb2+ 27. Ka4 c5 28. Qg6 Rxb4+ 29. Ka3 Qb2# 0-1

[Event "Avoine op 22nd"]
[Site "Avoine"]
[Date "2007.07.21"]
[Round "1"]
[White "Vekemans, Denis"]
[Black "Alet, Jean Pierre"]
[Result "0-1"]
[WhiteElo "2002"]
[BlackElo "2183"]
[PlyCount "56"]
[EventDate "2007.07.21"]
[EventType "swiss"]
[EventRounds "9"]
[EventCountry "FRA"]
[SourceTitle "EXT 2010"]
[Source "ChessBase"]
[SourceDate "2010.11.25"]
[SourceVersion "1"]
[SourceVersionDate "2010.11.25"]
[SourceQuality "1"]

1. e4 Nf6 2. e5 Nd5 3. c4 Nb6 4. a4 a5 5. Nc3 d6 6. exd6 exd6 7. d4 Nc6 8. Be3 Bf5 9. Bd3 Bxd3 10. Qxd3 Be7 11. Nf3 0-0 12. 0-0 Nb4 13. Qe2 Re8 14. Rfd1 Bf6 15. b3 c6 16. Rac1 d5 17. c5 Nc8 18. Qd2 Ne7 19. g4 Qd7 20. h3 h5 21. g5 Qxh3 22. Nh2 Nf5 23. gxf6 Nh4 24. f3 Rxe3 25. Rf1 Rae8 26. Rf2 Nd3 27. Ne4 Nxf2 28. Qxf2 dxe4 0-1

[Event "Avoine op 21th"]
[Site "Avoine"]
[Date "2006.07.22"]
[Round "1"]
[White "Vekemans, Denis"]
[Black "Giua, Frederic"]
[Result "0-1"]
[WhiteElo "2047"]
[BlackElo "2211"]
[PlyCount "90"]
[EventDate "2006.07.22"]
[EventType "swiss"]
[EventRounds "9"]
[EventCountry "FRA"]
[SourceTitle "EXT 2007"]
[Source "ChessBase"]
[SourceDate "2006.11.23"]
[SourceVersion "1"]
[SourceVersionDate "2006.11.23"]
[SourceQuality "1"]

1. e4 c5 2. b4 cxb4 3. a3 e6 4. d4 d5 5. e5 Nc6 6. axb4 Bxb4+ 7. c3 Be7 8. Bd3 Qc7 9. Na3 Nxe5 10. dxe5 Qxc3+ 11. Qd2 Qxa1 12. Nb5 Qxe5+ 13. Ne2 Nf6 14. Bb2 Qb8 15. Qg5 a6 16. Be5 Nd7 17. Bxb8 Bxg5 18. Nc7+ Ke7 19. Nxa8 Nxb8 20. Nb6 Nd7 21. Nxc8+ Rxc8 22. 0-0 Nc5 23. Bb1 b5 24. f4 Bf6 25. g4 g6 26. f5 gxf5 27. gxf5 Be5 28. f6+ Bxf6 29. Bxh7 Be5 30. Rc1 Kd6 31. Rf1 f5 32. Kf2 Rh8 33. Bg6 Rh6 34. Be8 Ne4+ 35. Ke3 Nf6 36. Bf7 Ke7 37. Ng1 Kxf7 38. Nf3 Bc3 39. Kd3 Ne4 40. Rg1 b4 41. Ke3 b3 42. Kf4 b2 43. h4 Kf6 44. h5 Bd2+ 45. Nxd2 Nxd2 0-1

[Event "Avoine op 20th"]
[Site "Avoine"]
[Date "2005.07.24"]
[Round "1"]
[White "Vekemans, Denis"]
[Black "Hortas, Igor"]
[Result "1/2-1/2"]
[WhiteElo "2024"]
[BlackElo "2155"]
[PlyCount "71"]
[EventDate "2005.07.23"]
[EventType "swiss"]
[EventRounds "9"]
[EventCountry "FRA"]
[SourceTitle "EXT 2007"]
[Source "ChessBase"]
[SourceDate "2006.11.23"]
[SourceVersion "1"]
[SourceVersionDate "2006.11.23"]
[SourceQuality "1"]

1. e4 d5 2. exd5 Qxd5 3. Nc3 Qa5 4. d4 e5 5. dxe5 Nc6 6. Nf3 Bg4 7. Bb5 Bb4 8. Bxc6+ bxc6 9. Qd4 Bxf3 10. gxf3 Rd8 11. Qe3 Ne7 12. 0-0 0-0 13. a3 Nf5 14. axb4 Qxa1 15. Qe4 g6 16. Bg5 Qxb2 17. Bxd8 Qxc3 18. Bxc7 Nd4 19. Kg2 Re8 20. Rd1 Nb5 21. Rd3 Qb2 22. Qxc6 Nxc7 23. Qxc7 Qxb4 24. Rd7 Qf4 25. e6 Qg5+ 26. Qg3 Qxg3+ 27. hxg3 Rxe6 28. Rxa7 Rc6 29. Ra2 Kg7 30. f4 Rc3 31. Kf1 h5 32. Ke2 Kf6 33. Kd2 Rf3 34. Ke2 Rc3 35. Kd2 Rf3 36. Ke2 1/2-1/2

[Event "Nord Pas de Cal-chT"]
[Site "Lille"]
[Date "2004.??.??"]
[Round "4.3"]
[White "Dessenne, Francois"]
[Black "Vekemans, Denis"]
[Result "0-1"]
[WhiteElo "1990"]
[BlackElo "2019"]
[PlyCount "94"]
[EventDate "2004.04.??"]
[EventType "team-swiss"]
[EventRounds "7"]
[EventCountry "FRA"]
[SourceTitle "EXT 2005"]
[Source "ChessBase"]
[SourceDate "2004.11.15"]
[SourceVersion "1"]
[SourceVersionDate "2004.11.15"]
[SourceQuality "1"]

1. d4 f5 2. e4 fxe4 3. Nc3 Nf6 4. Bg5 d5 5. Bxf6 exf6 6. Qh5+ g6 7. Qxd5 Bh6 8. Bc4 Qe7 9. Qxe4 Bf5 10. Qxe7+ Kxe7 11. Nd5+ Kd6 12. Ne3 Bxe3 13. fxe3 Bxc2 14. Ne2 Re8 15. Kd2 Be4 16. Rhf1 Nd7 17. Nc3 Bxg2 18. Nb5+ Kc6 19. Rfc1 Kb6 20. a4 a5 21. Nxc7 Kxc7 22. Bd5+ Kd6 23. Bxg2 Ra6 24. Bf1 Rb6 25. Bb5 f5 26. b4 axb4 27. Rc5 Re7 28. Rac1 Ke6 29. Rc7 Nf6 30. Rxe7+ Kxe7 31. Rc7+ Kd6 32. Rf7 Kd5 33. Kd3 Ne4 34. Rxh7 Nd6 35. Rd7 Ke6 36. Rg7 Kf6 37. Rc7 Nxb5 38. axb5 Rxb5 39. Rc2 g5 40. Kc4 Rb6 41. Rb2 b3 42. d5 Ke5 43. Kc5 Rd6 44. Rd2 b6+ 45. Kc4 Ke4 46. Rd3 b2 47. Rb3 Rxd5 0-1